| 000 | 00868nam a2200265 a 4500 | ||
|---|---|---|---|
| 008 | |||
| 020 | _a0750608544 (pbk.) | ||
| 049 | _aMAIN | ||
| 090 | 0 | 1 | _aTA169 |
| 100 | 1 | _aSmith, David John | |
| 245 | 1 | 0 |
_aReliability, maintainability, and risk : _bpractical methods for engineers / _cDavid J. Smith. |
| 250 | _a4th ed. | ||
| 260 |
_aOxford : _bButterworth-Heinemann, _c1993. |
||
| 300 |
_axii, 319 p. : _bill. ; _c24 cm. |
||
| 500 | _aRev. ed. of: Reliability and maintainability in perspective. 2nd ed. c1985. | ||
| 504 | _aIncludes bibliographical references. | ||
| 500 | _aIncludes index. | ||
| 650 | 0 | _aReliability (Engineering) | |
| 650 | 0 | _aMaintainability (Engineering) | |
| 907 |
_a.b10169878 _b11-08-05 _c29-07-05 |
||
| 003 | |||
| 005 | 20230123134042.0 | ||
| 040 | _cNUST | ||
| 942 |
_cBOOKS _kTA169 |
||
| 999 |
_c159176 _d159176 |
||